MARC
LEADER
00000nam2a2200000 4500
001
296408
005
20231102000913.0
035
|a (RuTPU)RU\TPU\book\321514
035
|a RU\TPU\book\311633
035
|a RU\TPU\book\262834
090
|a 296408
100
|a 20150530d1984 k y0rusy5003 ca
101
0
|a rus
102
|a UA
105
|a a z 001zy
200
0
|a Вып. 38
|f отв. ред. Н. Г. Твердохлеб
210
|d 1984
215
|a 147 с.
|c ил.
320
|a Библиогр. в конце ст.
461
1
|0 (RuTPU)RU\TPU\book\168722
|x 0130-9455
|t Машинная обработка информации
|o республиканский межведомственный научный сборник
|f Киевский институт народного хозяйства
|v Вып. 38
|d 1973-1992
606
1
|a Информация
|x Обработка
|x Автоматизация
|2 stltpush
|3 (RuTPU)RU\TPU\subj\12978
|9 39669
610
1
|a АСУ
610
1
|a автоматизированные системы управления
610
1
|a телеобработка
610
1
|a гибкие автоматизированные производства
610
1
|a планирование
610
1
|a автоматизация
610
1
|a СУБД
610
1
|a системы управления базами данных
610
1
|a экономико-математические методы
610
1
|a моделирование
610
1
|a вычислительные центры
610
1
|a информация
610
1
|a ЭВМ
610
1
|a машинная обработка
675
|a 004.6
|z rus
|v 4
702
1
|a Твердохлеб
|b Н. Г.
|g Николай Григорьевич
|4 340
801
0
|a RU
|b 63413507
|c 19950417
|g psbo
801
1
|a RU
|b 63413507
|c 20110511
801
2
|a RU
|b 63413507
|c 20160906
|g RCR
942
|c BK